| 000 | 00701nam a2200229 a 4500 | ||
|---|---|---|---|
| 999 |
_c381 _d381 |
||
| 001 | 381 | ||
| 003 | BD-JhCC | ||
| 005 | 20200227134007.0 | ||
| 008 | 171004s1997 bg ||||| |||| 00| 0 ben d | ||
| 020 | _a9844150507 | ||
| 035 | _a(BD-JhCC)381 | ||
| 040 |
_aBD-JhCC _dBD-JhCC |
||
| 041 | _aben | ||
| 082 |
_a784.0954 _bMRI 1997 |
||
| 100 | _aচক্রবর্তী ,মৃদুলকান্তি | ||
| 245 |
_aগানের ঝরণাতলায় / _cমৃদুলকান্তি চক্রবর্তী , |
||
| 260 |
_aঢাকা , _bঅবসর , _c১৯৯৭ |
||
| 300 |
_a96p. ; _c22cm. |
||
| 650 |
_aSongs ,Bengali _zIndia |
||
| 942 |
_2ddc _cBK _02 |
||